How about the weather? /

Bibliographic Details
Main Author: Fisher, Robert Moore
Format: Book
Language:English
Published: New York : Harper, [1951]
Edition:[1st ed.].
Subjects:

MARC

Tag First Indicator Second Indicator Subfields
LEADER 00000cam a2200000 4500
001 in00000045786
005 20151007075255.0
008 721211s1951 nyuad b 00000 eng u
010 |a  51003399  
035 |a (OCoLC)00512003 
035 |9 AAF2931AM 
040 |c KSU  |d TXA  |d UtOrBLW 
049 |a TXAM  |c [199515] 
050 0 |a QC995  |b .F5 
092 |a 551.5  |b F535h 
100 1 |a Fisher, Robert Moore. 
245 1 0 |a How about the weather? /  |c With a foreword by Ernest J. Christie. 
250 |a [1st ed.]. 
264 1 |a New York :  |b Harper,  |c [1951] 
300 |a xix, 186 pages :  |b illustrations, charts. ;  |c 22 cm. 
336 |a text  |b txt  |2 rdacontent 
337 |a unmediated  |b n  |2 rdamedia 
338 |a volume  |b nc  |2 rdacarrier 
504 |a Bibliography: pages 174-177. 
650 0 |a Weather. 
650 0 |a Weather forecasting. 
999 |a MARS 
999 f f |s 1e2667c7-91c6-3e7b-bae8-e3689693e31d  |i 69383f53-4138-3052-be47-cdbf6bd25d3b  |t 0 
952 f f |p ric  |a Texas A&M University  |b Rellis Campus  |c Joint Library Facility  |d Remote Storage  |t 0  |e QC995 .F5  |h Library of Congress classification  |i unmediated -- volume  |m A14800953438 
998 f f |a QC995 .F5  |t 0  |l Remote Storage